| 000 | 00486nam a2200133Ia 4500 | ||
|---|---|---|---|
| 008 | 220615s9999||||xx |||||||||||||| ||und|| | ||
| 100 | _aBirol, Faith | ||
| 245 | 2 | _aA bright future (Volume 6) | |
| 546 | _aEnglish[eng] | ||
| 650 | _aBusiness & Economics||Finance | ||
| 700 | _aEuropean Investment Bank | ||
| 856 | _uhttps://library.oapen.org/bitstream/20.500.12657/47438/1/QH0319395ENN.en.pdf||https://library.oapen.org/bitstream/20.500.12657/47438/1/QH0319395ENN.en.pdf | ||
| 942 | _cEB | ||
| 999 |
_c15334 _d15334 |
||